00657nam a2200157 a 4500003000200000005001700002008004100019050003000060100003200090245013400122260009000256300004000346504004100386650002000427651005200447020250208102013.0130116s19uu xx 00 eng d aPHS HV 6453.P6bS391 2012 aSchulze, Gabriel Derrick R. aCrimes in the Philippines during the Corazon Aquino regime : cGabriel Derrick R. Schulze.blocal and international viewpoints / aLas Piñas City, Philippines :bSouthville International School and Colleges,c2012. a57 pages :billustrations ;c28 cm. aIncludes bibliographical references. aCrimexAnalysis aPhilippinesxPolitics and governmentx1986-1992